| 000 | 00628nam a22001577a 4500 | ||
|---|---|---|---|
| 003 | OSt | ||
| 005 | 20220107122757.0 | ||
| 008 | 150330b xxu||||| |||| 00| 0 eng d | ||
| 040 | _c | ||
| 100 |
_aMeera Manohar P (92312008) _96336 |
||
| 245 | _aAdaptive hyperspectral image classification by multiple classifier system | ||
| 502 |
_bMSc. Geoinformatics _c2012 - 2014 _dINT _eRadhakrishnan T _fRama Rao Nidamanuri (Indian Institute of Space Science and Technology) _g"Indian Institute of Space Science and Technology, Thiruvananthapuram" |
||
| 650 |
_aHYPERSPECTRAL IMAGING _96337 |
||
| 650 |
_aREMOTE SENSING _96338 |
||
| 942 |
_2ddc _cPR |
||
| 999 |
_c4573 _d4573 |
||